• AIU
  • Tony Wilmot Memorial Library

Mbuku ya gwathirira Biblia : (Record no. 65323)

MARC details
000 -LEADER
fixed length control field 00638nam a22001817a 4500
003 - CONTROL NUMBER IDENTIFIER
control field OSt
005 - DATE AND TIME OF LATEST TRANSACTION
control field 20180618163252.0
008 - FIXED-LENGTH DATA ELEMENTS--GENERAL INFORMATION
fixed length control field 180618b ||||| |||| 00| 0 eng d
040 ## - CATALOGING SOURCE
Original cataloging agency AIU Library - Kenya
Transcribing agency AIU Library - Kenya
Modifying agency AIU Library - Kenya
050 ## - LIBRARY OF CONGRESS CALL NUMBER
Classification number BS 428.K4
Item number M38 1993
245 ## - TITLE STATEMENT
Title Mbuku ya gwathirira Biblia :
Remainder of title a Bible Concordance in Kikuyu Language
Statement of responsibility, etc Compiled by Rev. John Mburu.
250 ## - EDITION STATEMENT
Edition statement 1st ed.
260 ## - PUBLICATION, DISTRIBUTION, ETC. (IMPRINT)
Place of publication, distribution, etc Nairobi, Kenya :
Name of publisher, distributor, etc Gospel Light Publishing House,
Date of publication, distribution, etc 1993.
300 ## - PHYSICAL DESCRIPTION
Extent xi, 187 p.;
630 ## - SUBJECT ADDED ENTRY--UNIFORM TITLE
Uniform title Bible
Language of a work Kikuyu language
Form subdivision Concordance.
9 (RLIN) 45850
700 ## - ADDED ENTRY--PERSONAL NAME
9 (RLIN) 45849
Personal name Mburu, John.
Relator term Comp.
942 ## - ADDED ENTRY ELEMENTS (KOHA)
Source of classification or shelving scheme Library of Congress Classification
Koha item type Reference
Holdings
Withdrawn status Lost status Source of classification or shelving scheme Damaged status Not for loan Collection code Home library Current library Shelving location Date acquired Source of acquisition Cost, normal purchase price Total Checkouts Full call number Barcode Date last seen Copy number Price effective from Koha item type
    Library of Congress Classification     Reference AIU/NEGST - Tony Wilmot Memorial Library AIU/NEGST - Tony Wilmot Memorial Library Reference 10/01/1999 Purchase- Suba Books 5.00   REF BS 428.K4M38 1993 R08713X3232 09/26/2019 1 06/18/2018 Reference